[Event "Sveins 5. minneturnering"]
[Site "Oslo"]
[Date "2012.06.22"]
[Round "6"]
[White "Haug, Johannes"]
[Black "Hammer, Jon Ludvig"]
[Result "0-1"]
[WhiteElo "1886"]
[BlackElo "2630"]
[PlyCount "60"]
[EventDate "2012.??.??"]

1. e4 e5 2. Nf3 Nc6 3. Bb5 a6 4. Bxc6 dxc6 5. O-O Bg4 6. h3 Bh5 7. g4 Bg6 8.
Nxe5 Qh4 9. Qf3 f6 10. Nxg6 hxg6 11. Qg3 Qxh3 12. Qxh3 Rxh3 13. Kg2 Rh4 14. f3
Bd6 15. Rh1 Rxh1 16. Kxh1 Ne7 17. d4 O-O-O 18. Be3 c5 19. dxc5 Rh8+ 20. Kg1
Bh2+ 21. Kg2 Be5 22. c3 Rh2+ 23. Kf1 Rh1+ 24. Kf2 g5 25. Bd4 Ng6 26. b4 Nf4 27.
a4 c6 28. b5 Kd7 29. Bxe5 fxe5 30. Kg3 Ne6 
0-1

[Event "Sveins 5. minneturnering"]
[Site "Oslo"]
[Date "2012.06.22"]
[Round "6"]
[White "Wibe, Per H."]
[Black "Tari, Aryan"]
[Result "0-1"]
[WhiteElo "1849"]
[BlackElo "2216"]
[PlyCount "54"]
[EventDate "2012.??.??"]

1. e4 g6 2. c4 Bg7 3. g3 c6 4. Bg2 d5 5. exd5 cxd5 6. Bxd5 Nf6 7. Bg2 Nc6 8.
Bxc6+ bxc6 9. Qf3 O-O 10. Ne2 Rb8 11. O-O c5 12. Nbc3 Bb7 13. Qe3 Ng4 14. Qxc5
Ne5 15. Nd5 e6 16. f4 Nd3 17. Qa3 exd5 18. Qxd3 Qb6+ 19. Rf2 dxc4 20. Qxc4 Rbc8
21. Qb3 Qc6 22. Kf1 Rfe8 23. d4 Bxd4 24. Rf3 Bb6 25. Re3 Bxe3 26. Bxe3 Qf3+ 27.
Ke1 Rxe3 
0-1

[Event "Sveins 5. minneturnering"]
[Site "Oslo"]
[Date "2012.06.22"]
[Round "6"]
[White "Omtvedt, Per"]
[Black "Gonzàlez, Francisco Silva"]
[Result "0-1"]
[WhiteElo "2117"]
[BlackElo "1991"]
[PlyCount "60"]
[EventDate "2012.??.??"]

1. e4 e5 2. Nf3 Nc6 3. Bb5 a6 4. Ba4 Nf6 5. O-O Bc5 6. Nxe5 Nxe5 7. d4 b5 8.
dxe5 Nxe4 9. Bb3 Bb7 10. Qf3 O-O 11. Be3 Qe7 12. Bxc5 Qxc5 13. Nc3 Qxe5 14.
Rfe1 Rae8 15. Nxe4 Bxe4 16. Qe3 d6 17. Qa7 Qg5 18. g3 Qf6 19. Re3 Ba8 20. Rae1
Rxe3 21. Rxe3 Qxb2 22. f3 Qc1+ 23. Kf2 Qh1 24. Qxc7 Qxh2+ 25. Kf1 h5 26. Qxd6
h4 27. Bxf7+ Rxf7 28. Re8+ Kh7 29. Qd3+ g6 30. Rxa8 hxg3 
0-1

[Event "Sveins 5. minneturnering"]
[Site "Oslo"]
[Date "2012.06.22"]
[Round "6"]
[White "Hansen, Lars-Henrik Bech"]
[Black "Kjølberg, Jens Hjorth"]
[Result "1-0"]
[WhiteElo "1992"]
[BlackElo "1982"]
[PlyCount "91"]
[EventDate "2012.??.??"]

1. d4 Nf6 2. c4 g6 3. Nc3 Bg7 4. e4 d6 5. Nf3 O-O 6. Be2 e5 7. dxe5 dxe5 8.
Qxd8 Rxd8 9. Bg5 Re8 10. Nd5 Nxd5 11. cxd5 c6 12. Bc4 Nd7 13. dxc6 bxc6 14. Be3
Bf8 15. O-O-O Nb6 16. Bb3 c5 17. a3 Kg7 18. Nd2 Ba6 19. Nb1 c4 20. Bc2 Red8 21.
Nc3 Bb7 22. f3 Bc6 23. Rxd8 Rxd8 24. Rd1 Rc8 25. Rd2 Nd7 26. Bxa7 Nc5 27. Nd5
Nb3+ 28. Bxb3 cxb3 29. Kd1 Ba4 30. Nb6 Rc7 31. Bb8 Rb7 32. Bxe5+ f6 33. Bxf6+
Kxf6 34. Nxa4 Ke5 35. Nc5 Bxc5 36. Rd5+ Kf4 37. Rxc5 Ke3 38. Ke1 Rb6 39. Rc3+
Kd4 40. Ke2 h5 41. Rd3+ Kc4 42. Ke3 g5 43. Rd4+ Kc5 44. Rb4 Rc6 45. Rxb3 Kd6
46. Rc3 
1-0

[Event "Sveins 5. minneturnering"]
[Site "Oslo"]
[Date "2012.06.22"]
[Round "6"]
[White "Ådnøy, Hallvard V"]
[Black "Salomon, Johan"]
[Result "0-1"]
[WhiteElo "2286"]
[BlackElo "2052"]
[PlyCount "104"]
[EventDate "2012.??.??"]

1. e4 c5 2. c3 g6 3. d3 Bg7 4. g3 d5 5. Qe2 Nc6 6. Bg2 dxe4 7. dxe4 Ne5 8. Bf1
Nf6 9. Bf4 Nfd7 10. Na3 a6 11. Bxe5 Nxe5 12. f4 Nc6 13. Qe3 b6 14. Bg2 Qc7 15.
e5 Bb7 16. Nf3 O-O 17. O-O e6 18. Nc4 Ne7 19. Qf2 Bd5 20. Ne3 Bc6 21. Rad1 Rfd8
22. Qe2 b5 23. Ng5 c4 24. Ng4 h5 25. Nf6+ Bxf6 26. exf6 Nf5 27. Bxc6 Qb6+ 28.
Qf2 Qxc6 29. h3 h4 30. gxh4 Rd3 31. Rxd3 cxd3 32. Rd1 Rd8 33. Qa7 Qd7 34. Qf2
Qd5 35. a3 e5 36. fxe5 Qxe5 37. Nf3 Qxf6 38. Nd4 Qxh4 39. Rxd3 Qg5+ 40. Kh2
Nxd4 41. Rxd4 Re8 42. Rd3 Qe5+ 43. Rg3 Re6 44. Kg2 Qd5+ 45. Kh2 Re4 46. Rg2 Qe6
47. Qg3 Re3 48. Qg4 Qe5+ 49. Kh1 a5 50. Rd2 Re4 51. Qf3 Re1+ 52. Kg2 Qg5+ 0-1

[Event "Sveins 5. minneturnering"]
[Site "Oslo"]
[Date "2012.06.22"]
[Round "6"]
[White "De Seroux, Camille"]
[Black "Johansen, Stian"]
[Result "0-1"]
[WhiteElo "2128"]
[BlackElo "1997"]
[PlyCount "132"]
[EventDate "2012.??.??"]

1. e4 g6 2. d4 Bg7 3. Nc3 c5 4. dxc5 Qa5 5. Bd2 Qxc5 6. Nd5 Na6 7. Be3 Qa5+ 8.
b4 Qd8 9. Bd4 e5 10. Be3 Nc7 11. Bc4 d6 12. Ne2 Nf6 13. Bg5 Ncxd5 14. Bxd5 h6
15. Bxf6 Qxf6 16. O-O O-O 17. Qd3 Qd8 18. Rfd1 Qb6 19. Rab1 Rd8 20. Qb3 Rf8 21.
Rd3 Bg4 22. Nc3 Kh7 23. Na4 Qc7 24. f3 Be6 25. Rbd1 Rac8 26. R1d2 Rfe8 27. Bxe6
Rxe6 28. Kh1 Bf6 29. Rc3 Qd8 30. Nc5 Re7 31. Rcd3 Rc6 32. Qd5 Qc7 33. Nb3 Bg5
34. b5 Rxc2 35. Rxc2 Qxc2 36. Qxd6 Qxa2 37. Qd5 b6 38. Rd1 Kg7 39. Nd2 Qxd5 40.
exd5 Bxd2 41. Rxd2 f5 42. Kg1 Rd7 43. Kf2 Kf6 44. Ke3 Ke7 45. f4 Kd6 46. h3 Re7
47. g4 exf4+ 48. Kxf4 fxg4 49. hxg4 h5 50. gxh5 gxh5 51. Rg2 h4 52. Rg5 Rh7 53.
Ke4 h3 54. Rg6+ Kd7 55. Rg1 h2 56. Rh1 Kd6 57. Kf3 Kxd5 58. Kg2 Kc5 59. Rc1+
Kxb5 60. Kh1 a5 61. Rb1+ Ka6 62. Rf1 a4 63. Rf6 Ka5 64. Rf8 b5 65. Rf2 Rh5 66.
Rf8 a3 0-1

[Event "Sveins 5. minneturnering"]
[Site "Oslo"]
[Date "2012.06.22"]
[Round "6"]
[White "Jørgensen, Line Jin"]
[Black "Moseng, Geir"]
[Result "0-1"]
[WhiteElo "1876"]
[BlackElo "2124"]
[PlyCount "40"]
[EventDate "2012.??.??"]

1. c4 f5 2. d4 Nf6 3. Nc3 g6 4. Nf3 Bg7 5. g3 O-O 6. Bg2 d6 7. O-O Nc6 8. b3 a6
9. Bb2 e5 10. d5 Ne7 11. e3 h6 12. Nd2 e4 13. f4 exf3 14. Bxf3 g5 15. Kh1 Ng6
16. e4 f4 17. gxf4 Nxf4 18. Qc2 Bh3 19. Rf2 g4 20. Be2 N6h5 
0-1

[Event "Sveins 5. minneturnering"]
[Site "Oslo"]
[Date "2012.06.22"]
[Round "6"]
[White "Langmyhr, Tore"]
[Black "Poulsen, Iver"]
[Result "1/2-1/2"]
[WhiteElo "1905"]
[BlackElo "2084"]
[PlyCount "88"]
[EventDate "2012.??.??"]

1. c4 e6 2. Nc3 d5 3. d4 c6 4. e4 dxe4 5. Nxe4 Bb4+ 6. Nc3 Nf6 7. Nf3 c5 8. a3
Ba5 9. Be2 Ne4 10. Bd2 Nxd2 11. Qxd2 cxd4 12. Nxd4 Nc6 13. Nxc6 Qxd2+ 14. Kxd2
bxc6 15. b4 Bd8 16. Bf3 Bb7 17. Ne4 Be7 18. Nc5 O-O-O+ 19. Kc2 Bxc5 20. bxc5
Rd4 21. Kc3 Rhd8 22. Rhd1 Rxd1 23. Bxd1 e5 24. Bf3 Rd4 25. Rd1 Rxd1 26. Bxd1
Kd7 27. h4 Ke6 28. Kd3 Kf5 29. Ke3 h6 30. g3 Ke6 31. Bf3 f5 32. Be2 Kf6 33. Bd1
Bc8 34. Ba4 Bd7 35. Bc2 Be6 36. Ba4 Bd7 37. Bc2 g5 38. hxg5+ hxg5 39. f4 exf4+
40. gxf4 g4 41. Kf2 Ke7 42. Ke3 Be6 43. Bd3 Kd7 44. Bf1 Ke7 1/2-1/2

[Event "Sveins 5. minneturnering"]
[Site "Oslo"]
[Date "2012.06.22"]
[Round "6"]
[White "Lund, Terje"]
[Black "Kjøita, Henning"]
[Result "0-1"]
[WhiteElo "2053"]
[BlackElo "1970"]
[PlyCount "126"]
[EventDate "2012.??.??"]

1. Nf3 c5 2. c4 g6 3. g3 Bg7 4. Bg2 Nc6 5. Nc3 d6 6. O-O e5 7. d3 Nge7 8. e4
O-O 9. Ne1 a6 10. f4 exf4 11. Bxf4 h6 12. Nc2 Rb8 13. Qd2 Kh7 14. Rab1 b5 15.
cxb5 axb5 16. b4 cxb4 17. Nxb4 Nxb4 18. Rxb4 Nc6 19. Rbb1 Nd4 20. Kh1 Be6 21.
Rb4 Qd7 22. Rfb1 Rfc8 23. Rc1 Nc6 24. Rbb1 Nd4 25. Be3 b4 26. Nd5 Rxc1+ 27.
Qxc1 Rc8 28. Qg1 Bxd5 29. exd5 Nc2 30. Bf4 Bd4 31. Qd1 Ne3 32. Qb3 Nxg2 33.
Kxg2 Qg4 34. Qd1 Qf5 35. Rc1 Qxd5+ 36. Kh3 Qe6+ 37. Qg4 Rxc1 38. Qxe6 fxe6 39.
Bxc1 Kg7 40. Kg4 h5+ 41. Kf4 Kf6 42. Ke4 Bc3 43. d4 d5+ 44. Kd3 e5 45. dxe5+
Bxe5 46. Bd2 Bd6 47. Kd4 Ke6 48. Be1 g5 49. h3 g4 50. hxg4 hxg4 51. Kd3 Bc5 52.
Bd2 Kd6 53. Bf4+ Kc6 54. Bd2 Kb5 55. Bf4 Ka4 56. Kc2 Bd4 57. Bd6 Bc3 58. Bc5
Ka3 59. Kd3 Kxa2 60. Bxb4 Bxb4 61. Kd4 Bd6 62. Kxd5 Bxg3 63. Ke4 Bf2 0-1

[Event "Sveins 5. minneturnering"]
[Site "Oslo"]
[Date "2012.06.22"]
[Round "6"]
[White "Riiser, Samuel"]
[Black "Mihajlov, Svetoslav"]
[Result "0-1"]
[WhiteElo "1825"]
[BlackElo "2092"]
[PlyCount "55"]
[EventDate "2012.??.??"]

1. d4 Nf6 2. c4 e6 3. Nf3 c5 4. d5 b5 5. dxe6 fxe6 6. cxb5 a6 7. bxa6 Bxa6 8.
g3 d5 9. Bg2 Bd6 10. O-O O-O 11. b3 Nc6 12. Bb2 Qe7 13. Qc2 Rac8 14. Rd1 Nb4
15. Qc1 Bxe2 16. Rd2 Nd3 17. Qc2 Bxf3 18. Qxd3 Bxg2 19. Kxg2 Ne4 20. Re2 c4 21.
bxc4 Rxc4 22. f3 Nc5 23. Qe3 e5 24. Nd2 Rc2 25. Ba3 d4 26. Qg1 e4 27. fxe4 Rxd2
28. Qe1 
0-1

[Event "Sveins 5. minneturnering"]
[Site "Oslo"]
[Date "2012.06.22"]
[Round "6"]
[White "Østby, Martin Bergsjø"]
[Black "Diaz, Linda"]
[Result "1/2-1/2"]
[WhiteElo "1734"]
[BlackElo "2007"]
[PlyCount "63"]
[EventDate "2012.??.??"]

1. e4 c5 2. c3 d5 3. exd5 Qxd5 4. d4 Nc6 5. Nf3 Bg4 6. Be2 cxd4 7. cxd4 e6 8.
Nc3 Qa5 9. Qb3 Qb4 10. Qxb4 Bxb4 11. O-O Nge7 12. Be3 Rd8 13. Rfd1 O-O 14. h3
Bh5 15. a3 Ba5 16. b4 Bc7 17. Rd2 Nf5 18. g4 Nxe3 19. fxe3 Bg6 20. Nh4 Ne7 21.
Rad1 Rc8 22. Nxg6 Nxg6 23. Rc2 e5 24. Bd3 exd4 25. Bxg6 fxg6 26. exd4 Rf3 27.
Nd5 Rg3+ 28. Rg2 Rxg2+ 29. Kxg2 Bd8 30. Rd3 Kf7 31. Kf3 Rc1 32. Ke4 1/2-1/2

[Event "Sveins 5. minneturnering"]
[Site "Oslo"]
[Date "2012.06.22"]
[Round "6"]
[White "Schjelderup, Nils-Jakob"]
[Black "Eriksen, Dag"]
[Result "1-0"]
[WhiteElo "1930"]
[BlackElo "1656"]
[PlyCount "75"]
[EventDate "2012.??.??"]

1. e4 Nf6 2. e5 Nd5 3. d4 d6 4. c4 Nb6 5. exd6 cxd6 6. Nc3 g6 7. Nf3 Bg7 8. Be3
O-O 9. Rc1 Bg4 10. b3 f5 11. d5 N8d7 12. Be2 Bxf3 13. Bxf3 Ne5 14. Be2 f4 15.
Bd4 f3 16. Bxf3 Nbd7 17. Be2 Nf6 18. O-O Qd7 19. Bxe5 dxe5 20. Bf3 Qf5 21. Qe2
Nh5 22. Bxh5 gxh5 23. Ne4 h4 24. h3 Qg6 25. c5 Rf4 26. f3 Rd8 27. Rfd1 Rdf8 28.
Kh1 Bh6 29. Rc3 Rxe4 30. Qxe4 Qg3 31. Qg4+ Kh8 32. Qxg3 hxg3 33. d6 exd6 34.
cxd6 Bg5 35. d7 Bd8 36. Re1 Rf7 37. Rd3 Re7 38. Rd5 1-0

[Event "Sveins 5. minneturnering"]
[Site "Oslo"]
[Date "2012.06.22"]
[Round "6"]
[White "Sætre, Mathias"]
[Black "Kjøita, Torgeir"]
[Result "1/2-1/2"]
[WhiteElo "1695"]
[BlackElo "1880"]
[PlyCount "88"]
[EventDate "2012.??.??"]

1. d4 Nf6 2. c4 c5 3. d5 b5 4. cxb5 a6 5. bxa6 Bxa6 6. Nc3 g6 7. g3 d6 8. Bg2
Bg7 9. e4 Nbd7 10. Nge2 O-O 11. h3 Ne5 12. O-O Qc7 13. Be3 Rfb8 14. b3 Nfd7 15.
Rc1 Nd3 16. Rc2 Nb4 17. Rc1 Bxc3 18. Rxc3 Bxe2 19. Qxe2 Rxa2 20. Qd1 Qa5 21.
Rc1 Qb5 22. Rb1 Nc2 23. Qd2 Nxe3 24. Qxe3 Qe2 25. Rfe1 Qxe3 26. Rxe3 Rb4 27.
Bf1 Kg7 28. Bc4 Ne5 29. Bf1 Ra3 30. Rb2 f6 31. Kg2 Ra7 32. Be2 Rab7 33. f4 Nc4
34. Bxc4 Rxc4 35. bxc4 Rxb2+ 36. Kf3 Rc2 37. e5 dxe5 38. fxe5 Rxc4 39. d6 fxe5
40. dxe7 e4+ 41. Rxe4 Rxe4 42. Kxe4 Kf7 43. e8=Q+ Kxe8 44. Kd5 Kd7 1/2-1/2

[Event "Sveins 5. minneturnering"]
[Site "Oslo"]
[Date "2012.06.22"]
[Round "6"]
[White "Machlik, Jon"]
[Black "Sætre, Roger"]
[Result "0-1"]
[WhiteElo "1701"]
[BlackElo "1865"]
[PlyCount "46"]
[EventDate "2012.??.??"]

1. e4 e6 2. d4 d5 3. exd5 exd5 4. Nf3 Bg4 5. Be2 Nc6 6. O-O Qd7 7. c3 Bd6 8.
Re1 O-O-O 9. b4 Re8 10. a4 Nf6 11. Nbd2 Ne4 12. Nxe4 dxe4 13. Nd2 Bxe2 14. Rxe2
f5 15. a5 Ne7 16. Nc4 Nd5 17. Nxd6+ Qxd6 18. Qb3 h6 19. b5 g5 20. g3 f4 21. c4
f3 22. Re1 Qe6 23. Kh1 Nf6 
0-1

[Event "Sveins 5. minneturnering"]
[Site "Oslo"]
[Date "2012.06.22"]
[Round "6"]
[White "Olsen, Ulrik"]
[Black "Roholdt, Njaal"]
[Result "1-0"]
[WhiteElo "1718"]
[BlackElo "1756"]
[PlyCount "109"]
[EventDate "2012.??.??"]

1. e4 c5 2. Nf3 d6 3. d4 cxd4 4. Nxd4 Nf6 5. Nc3 a6 6. Be2 e5 7. Nb3 Be6 8. O-O
Be7 9. Be3 O-O 10. f3 b5 11. Qe1 b4 12. Na4 Nc6 13. c4 Nh5 14. Nb6 Rb8 15. Nd5
Bh4 16. Qd2 a5 17. Rad1 a4 18. Nc1 b3 19. a3 Qa5 20. f4 Qxd2 21. Bxd2 Nxf4 22.
Nxf4 exf4 23. Bxf4 Ne5 24. Rxd6 Bf6 25. Rd2 Nxc4 26. Bxc4 Bxc4 27. Bxb8 Bxf1
28. Bd6 Rc8 29. Nxb3 axb3 30. Kxf1 Rc1+ 31. Ke2 Bg5 32. Bf4 Be7 33. Rd8+ Bxd8
34. Bxc1 Kf8 35. Kd3 Ke7 36. Kc4 Ke6 37. Bf4 f6 38. Kxb3 g5 39. Bg3 h5 40. Kc4
h4 41. Bb8 Bb6 42. b4 Kd7 43. a4 Kc6 44. b5+ Kb7 45. Bd6 Bd8 46. Kb4 g4 47. a5
f5 48. exf5 Bf6 49. a6+ Ka8 50. b6 h3 51. gxh3 g3 52. hxg3 Be5 53. Bc5 Bxg3 54.
Kb5 Bd6 55. b7+ 1-0

[Event "Sveins 5. minneturnering"]
[Site "Oslo"]
[Date "2012.06.22"]
[Round "6"]
[White "Edakina, Maria"]
[Black "Arntsen, Frode"]
[Result "1/2-1/2"]
[WhiteElo "1628"]
[BlackElo "1815"]
[PlyCount "116"]
[EventDate "2012.??.??"]

1. e4 d5 2. exd5 Qxd5 3. Nc3 Qd6 4. Nf3 Nf6 5. g3 c6 6. Bg2 Bg4 7. d4 e6 8. Qd3
Bf5 9. Qe2 Nbd7 10. O-O Be7 11. Bf4 Qb4 12. Rab1 O-O 13. h3 h6 14. a3 Qa5 15.
Bd2 Qc7 16. Rbc1 Rad8 17. b4 a6 18. Na4 b5 19. Nc5 Nxc5 20. dxc5 Be4 21. Bf4
Qc8 22. Rfd1 Bd5 23. Ne5 Bxg2 24. Kxg2 Nd5 25. Qg4 Nxf4+ 26. gxf4 Bf6 27. c4
Qc7 28. Qe2 Rfe8 29. Qe4 Bxe5 30. fxe5 bxc4 31. Rd6 a5 32. Rxc4 axb4 33. axb4
Rc8 34. Rcd4 Re7 35. Qd3 Qb8 36. Rd7 Ree8 37. R7d6 Re7 38. Qe4 Qc7 39. Rd3 Qb8
40. Qh4 Ree8 41. Qf4 Rf8 42. Rg3 Kh8 43. Qg4 Rg8 44. Qf4 Rc7 45. Rgd3 Rf8 46.
Qe4 Qb7 47. Rd8 Rc8 48. Rxf8+ Rxf8 49. Rd6 Rc8 50. Qd4 Qb8 51. Rd7 Kg8 52. Rd6
Kf8 53. Qg4 Qb7 54. Qd4 Kg8 55. Qe4 Qe7 56. Qc4 Qb7 57. Qd4 Qc7 58. Rd7 Qb8
1/2-1/2

[Event "Sveins 5. minneturnering"]
[Site "Oslo"]
[Date "2012.06.22"]
[Round "6"]
[White "Rødsmoen, Maud"]
[Black "Bue, Gunnar"]
[Result "1-0"]
[WhiteElo "1778"]
[BlackElo "1693"]
[PlyCount "93"]
[EventDate "2012.??.??"]

1. e4 d6 2. d4 Nf6 3. Nc3 g6 4. Nf3 Bg7 5. Be3 O-O 6. Qd2 c6 7. Bh6 b5 8. a3
Nbd7 9. h4 a6 10. h5 Bxh6 11. Qxh6 Ng4 12. Qd2 e5 13. d5 c5 14. Ng5 Nb6 15. f3
h6 16. Nxf7 Rxf7 17. hxg6 Rf4 18. fxg4 Qg5 19. g3 Rf6 20. Qxg5 hxg5 21. Be2
Rxg6 22. O-O-O Bd7 23. Rh2 b4 24. axb4 cxb4 25. Na2 a5 26. Rdh1 Kf7 27. Rh7+
Rg7 28. R7h6 Rg6 29. Rh7+ Rg7 30. Rf1+ Kg6 31. Rh5 Rh7 32. Rxh7 Kxh7 33. Rf6
Kg7 34. Rxd6 Rb8 35. Kd1 Rb7 36. Nc1 a4 37. b3 a3 38. Na2 Nc8 39. Ra6 Na7 40.
Nxb4 Bb5 41. Bxb5 Nxb5 42. Na2 Ra7 43. Rxa7+ Nxa7 44. c4 Kf7 45. Kc2 Nc8 46. c5
Na7 47. b4 1-0

[Event "Sveins 5. minneturnering"]
[Site "Oslo"]
[Date "2012.06.22"]
[Round "6"]
[White "Ellingsrud, Bjørn"]
[Black "MacArthur, John"]
[Result "0-1"]
[WhiteElo "1693"]
[BlackElo "2035"]
[PlyCount "42"]
[EventDate "2012.??.??"]

1. e4 c5 2. Nf3 Nc6 3. d4 cxd4 4. Nxd4 g6 5. Bc4 Bg7 6. c3 d6 7. Be3 Nf6 8. Nd2
Ng4 9. Nxc6 bxc6 10. Qe2 Nxe3 11. Qxe3 O-O 12. Nf3 Qb6 13. Qe2 Rb8 14. Bb3 Ba6
15. Qc2 c5 16. c4 Qb4+ 17. Nd2 Bb7 18. O-O-O Bc6 19. Rhe1 a5 20. a4 Bxa4 21.
Bxa4 Bxb2+ 
0-1

[Event "Sveins 5. minneturnering"]
[Site "Oslo"]
[Date "2012.06.22"]
[Round "6"]
[White "Jacobsen, Trond"]
[Black "Amarapala, Sherington"]
[Result "0-1"]
[WhiteElo "1610"]
[BlackElo "1732"]
[PlyCount "46"]
[EventDate "2012.??.??"]

1. d4 d5 2. c4 e6 3. a3 c5 4. cxd5 exd5 5. dxc5 Bxc5 6. e3 Nc6 7. Nf3 Nf6 8. b4
Bb6 9. Bb2 a6 10. Be2 O-O 11. O-O Bf5 12. Qb3 Qe7 13. Re1 Rfd8 14. Nbd2 Rac8
15. Rac1 d4 16. exd4 Nxd4 17. Nxd4 Rxc1 18. Bxc1 Rxd4 19. Nf3 Re4 20. Qd1 Ng4
21. Be3 Rxe3 22. Nd4 Bd3 23. fxe3 Qxe3+ 
0-1

[Event "Sveins 5. minneturnering"]
[Site "Oslo"]
[Date "2012.06.22"]
[Round "7"]
[White "Hammer, Jon Ludvig"]
[Black "Tari, Aryan"]
[Result "1-0"]
[WhiteElo "2630"]
[BlackElo "2216"]
[PlyCount "69"]
[EventDate "2012.??.??"]

1. d4 Nf6 2. c4 g6 3. f3 Nc6 4. d5 Ne5 5. e4 d6 6. Nc3 Bg7 7. f4 Ned7 8. Nh3
O-O 9. Be2 c6 10. Be3 Qa5 11. O-O Nc5 12. Nf2 cxd5 13. cxd5 Qb4 14. Qc1 e6 15.
dxe6 Bxe6 16. Rd1 Ne8 17. Qc2 f5 18. exf5 Bxf5 19. Qd2 a5 20. a3 Qb3 21. Bf3
Be6 22. Rac1 Rc8 23. Re1 Bf7 24. Nd5 Kh8 25. Bd4 Qb5 26. Rxe8 Rfxe8 27. Bxg7+
Kxg7 28. Qc3+ Kf8 29. Qh8+ Bg8 30. Qf6+ Bf7 31. Qh8+ Bg8 32. Nf6 Kf7 33. Nxe8
Rxe8 34. Bd5+ Ne6 35. Rc7+ 
1-0

[Event "Sveins 5. minneturnering"]
[Site "Oslo"]
[Date "2012.06.22"]
[Round "7"]
[White "Berg, Emanuel"]
[Black "Smith, Axel"]
[Result "1-0"]
[WhiteElo "2587"]
[BlackElo "2483"]
[PlyCount "119"]
[EventDate "2012.??.??"]

1. e4 c5 2. Nc3 Nc6 3. f4 g6 4. Nf3 Bg7 5. Bb5 Nd4 6. O-O Nxb5 7. Nxb5 d5 8. e5
a6 9. Nc3 d4 10. Ne4 Qd5 11. Qe2 Nh6 12. c4 dxc3 13. bxc3 Bf5 14. Nf6+ Bxf6 15.
exf6 O-O 16. fxe7 Rfe8 17. d4 Be4 18. Ne5 f6 19. Re1 fxe5 20. Qxe4 Qxe4 21.
Rxe4 exd4 22. cxd4 Nf5 23. dxc5 Rxe7 24. Rxe7 Nxe7 25. Bb2 Rd8 26. Be5 Kf7 27.
Rb1 Rd7 28. Kf2 Nc6 29. Ke3 Ke6 30. Ke4 Rd2 31. Rb2 Rd1 32. Rxb7 Re1+ 33. Kf3
Nxe5+ 34. fxe5 Rc1 35. Rxh7 Kxe5 36. Ra7 Rc3+ 37. Kg4 Rc2 38. Kh3 Rxa2 39. c6
Kf5 40. Ra8 Ra3+ 41. Kh4 Ra4+ 42. Kg3 Ra3+ 43. Kf2 Ra2+ 44. Kf3 Rc2 45. Rxa6 g5
46. Ra5+ Kf6 47. Ra6 Kf5 48. h3 Rc3+ 49. Ke2 Kf4 50. Kd2 Rc5 51. Kd3 Kg3 52.
Kd4 Rc1 53. Ra3+ Kxg2 54. Rc3 Rd1+ 55. Ke5 Rd8 56. c7 Rc8 57. Kd6 Rh8 58. c8=Q
Rxc8 59. Rxc8 Kxh3 60. Ke5 
1-0

[Event "Sveins 5. minneturnering"]
[Site "Oslo"]
[Date "2012.06.22"]
[Round "7"]
[White "Hauge, Lars Oskar"]
[Black "Hillarp Persson, Tiger"]
[Result "0-1"]
[WhiteElo "2071"]
[BlackElo "2578"]
[PlyCount "102"]
[EventDate "2012.??.??"]

1. e4 c5 2. Nf3 e6 3. d4 cxd4 4. Nxd4 a6 5. Bd3 Bc5 6. Nb3 Ba7 7. Qg4 Nf6 8.
Qg3 Nc6 9. Nc3 h5 10. Bg5 h4 11. Qf3 Nd4 12. Nxd4 Bxd4 13. O-O-O Qa5 14. Bf4 e5
15. Bg5 Bxc3 16. bxc3 Qxc3 17. Bxf6 gxf6 18. Qxf6 Rg8 19. Be2 Qa3+ 20. Kb1 Qe7
21. Qh6 Qg5 22. Qxg5 Rxg5 23. g3 Ke7 24. f4 exf4 25. gxf4 Rg2 26. Bc4 d6 27. e5
dxe5 28. Rhe1 Bg4 29. Rxe5+ Kf8 30. Rd6 Rc8 31. Bb3 Rxh2 32. Rg5 Rg2 33. Rh6 h3
34. Rh8+ Ke7 35. Rh7 Be6 36. Bxe6 Kxe6 37. Rxh3 Rcxc2 38. Re5+ Kf6 39. Rb3 b5
40. a4 Rcf2 41. Re1 bxa4 42. Rb6+ Kf5 43. Rxa6 Rxf4 44. Rb6 Rff2 45. Rb5+ Kg6
46. Rb6+ f6 47. Ka1 a3 48. Rb3 Ra2+ 49. Kb1 Rgb2+ 50. Rxb2 Rxb2+ 51. Ka1 Rg2
0-1

[Event "Sveins 5. minneturnering"]
[Site "Oslo"]
[Date "2012.06.22"]
[Round "7"]
[White "Ziska, Helgi Dam"]
[Black "Hebden, Mark L"]
[Result "0-1"]
[WhiteElo "2450"]
[BlackElo "2512"]
[PlyCount "56"]
[EventDate "2012.??.??"]

1. e4 e5 2. Nf3 Nc6 3. Bc4 Nf6 4. d3 Be7 5. Bb3 O-O 6. O-O d6 7. c3 Na5 8. Bc2
c5 9. a3 Nc6 10. b4 a6 11. Re1 Re8 12. h3 d5 13. Nbd2 Bf8 14. Bb2 dxe4 15. dxe4
b5 16. Qe2 Nh5 17. Nf1 Nf4 18. Qe3 Qf6 19. N3h2 Be6 20. Qf3 Qg6 21. Ng3 Rac8
22. Bc1 cxb4 23. axb4 Bxb4 24. Bxf4 exf4 25. Ne2 Ne5 26. Qxf4 Bxh3 27. Qg3 Qxg3
28. fxg3 Bxc3 
0-1

[Event "Sveins 5. minneturnering"]
[Site "Oslo"]
[Date "2012.06.22"]
[Round "7"]
[White "Hoi, Carsten"]
[Black "Hagen, Andreas Skytte"]
[Result "1/2-1/2"]
[WhiteElo "2357"]
[BlackElo "2445"]
[PlyCount "31"]
[EventDate "2012.??.??"]

1. Nf3 Nf6 2. d4 g6 3. c4 Bg7 4. Nc3 d5 5. e3 O-O 6. b4 a5 7. b5 c5 8. bxc6
bxc6 9. Ba3 Nbd7 10. Be2 Ba6 11. cxd5 cxd5 12. O-O Re8 13. Bxa6 Rxa6 14. Qd3
Ra8 15. Rab1 e6 16. h3 
1/2-1/2

[Event "Sveins 5. minneturnering"]
[Site "Oslo"]
[Date "2012.06.22"]
[Round "7"]
[White "Christiansen, Johan-Sebastian"]
[Black "Urkedal, Frode Olav Olsen"]
[Result "0-1"]
[WhiteElo "1995"]
[BlackElo "2439"]
[PlyCount "72"]
[EventDate "2012.??.??"]

1. c4 Nf6 2. Nc3 g6 3. g3 Bg7 4. Bg2 O-O 5. e4 d6 6. Nge2 Nc6 7. O-O e5 8. d3
a6 9. h3 b5 10. b3 Rb8 11. Be3 Nd7 12. Rb1 Nd4 13. f4 bxc4 14. dxc4 Nxe2+ 15.
Nxe2 exf4 16. gxf4 Bb7 17. Qd3 Re8 18. Rfe1 Nc5 19. Bxc5 dxc5 20. Qe3 Bxe4 21.
Bxe4 Qe7 22. Rbd1 Qxe4 23. Qxc5 Qf3 24. Qf2 Qxh3 25. Qg3 Qf5 26. Qd3 Qc5+ 27.
Kg2 Re3 28. Qd5 Qe7 29. Rd2 Re8 30. Kf2 Qh4+ 31. Kf1 Bc3 32. Rdd1 Bxe1 33. Rxe1
Rh3 34. Qc6 Rh1+ 35. Kg2 Rxe2+ 36. Rxe2 Qh3+ 
0-1

[Event "Sveins 5. minneturnering"]
[Site "Oslo"]
[Date "2012.06.22"]
[Round "7"]
[White "Gonzàlez, Francisco Silva"]
[Black "Øgaard, Leif"]
[Result "0-1"]
[WhiteElo "1991"]
[BlackElo "2408"]
[PlyCount "32"]
[EventDate "2012.??.??"]

1. d4 Nf6 2. c4 e6 3. Nc3 Bb4 4. Qc2 O-O 5. e4 d5 6. e5 Ne4 7. Bd3 f5 8. exf6
Qxf6 9. Nf3 Nc6 10. a3 Bxc3+ 11. bxc3 b6 12. O-O Bb7 13. Re1 h6 14. a4 Qg6 15.
Nd2 Rxf2 16. Bxe4 Rxg2+ 
0-1

[Event "Sveins 5. minneturnering"]
[Site "Oslo"]
[Date "2012.06.22"]
[Round "7"]
[White "Moseng, Geir"]
[Black "Westerinen, Heikki M.J."]
[Result "1/2-1/2"]
[WhiteElo "2124"]
[BlackElo "2335"]
[PlyCount "83"]
[EventDate "2012.??.??"]

1. d4 Nf6 2. c4 g6 3. Nc3 Bg7 4. e4 d6 5. Nge2 O-O 6. Ng3 e5 7. d5 c6 8. Be2 a6
9. Be3 cxd5 10. cxd5 b5 11. O-O Nbd7 12. f3 Nb6 13. b3 b4 14. Nb1 Nfd7 15. Nd2
f5 16. Nh1 Bb7 17. Rc1 Rc8 18. Nc4 Nxc4 19. Bxc4 Nc5 20. Nf2 f4 21. Bxc5 Rxc5
22. Nd3 Rc8 23. Qe1 Qb6+ 24. Qf2 Qxf2+ 25. Rxf2 a5 26. Rfc2 Bf6 27. Bb5 Rxc2
28. Rxc2 Rc8 29. Rxc8+ Bxc8 30. Nb2 Bd8 31. Nc4 Bc7 32. Kf2 Kf7 33. Ke2 g5 34.
h3 h5 35. Kf2 g4 36. hxg4 hxg4 37. Kf1 Kf6 38. Kg1 Kg5 39. Kh1 Kh4 40. Kh2 gxf3
41. gxf3 Bh3 42. Nd2 
1/2-1/2

[Event "Sveins 5. minneturnering"]
[Site "Oslo"]
[Date "2012.06.22"]
[Round "7"]
[White "Jørgensen, Line Jin"]
[Black "Ådnøy, Hallvard V"]
[Result "0-1"]
[WhiteElo "1876"]
[BlackElo "2286"]
[PlyCount "40"]
[EventDate "2012.??.??"]

1. d4 Nf6 2. c4 d6 3. Nf3 Nbd7 4. Nc3 c6 5. e4 e5 6. Be2 Be7 7. O-O O-O 8. h3
a6 9. Be3 b5 10. d5 b4 11. dxc6 bxc3 12. cxd7 Bxd7 13. bxc3 Nxe4 14. Bd3 Nf6
15. Qc2 Qa5 16. c5 Ba4 17. Qd2 e4 18. cxd6 Bxd6 19. Bc4 Bb8 20. Nd4 Qc7 
0-1

[Event "Sveins 5. minneturnering"]
[Site "Oslo"]
[Date "2012.06.22"]
[Round "7"]
[White "Meurs, Tom"]
[Black "Hansen, Lars-Henrik Bech"]
[Result "0-1"]
[WhiteElo "2246"]
[BlackElo "1992"]
[PlyCount "42"]
[EventDate "2012.??.??"]

1. e4 d6 2. d4 Nf6 3. Nc3 g6 4. Be3 c6 5. Qd2 b5 6. f3 Nbd7 7. O-O-O Nb6 8. Bd3
Nc4 9. Bxc4 bxc4 10. Kb1 Rb8 11. Ka1 Qb6 12. Rb1 Qa6 13. Nge2 h5 14. Bf4 Bg7
15. e5 dxe5 16. Bxe5 Rb6 17. h4 O-O 18. g4 Nd5 19. Bxg7 Kxg7 20. gxh5 Nb4 21.
Ng3 Nxa2 
0-1